00000000nam##2200000za#4500
0019.676112
003CaOODSP
00520250403105554
007cr |||||||||||
008150407|1992||||xxc|||||o    f|0| 0 fre|d
040 |aCaOODSP|bfre
041 |aeng
041 |afre
043 |an-cn---
0861 |aCS93-337/1992-PDF
24500|aProfil des régions métropolitaines de recensement et agglomérations de recensement - partie A |h[ressource électronique]
260 |aOttawa - Ontario : |bStatistique Canada |c1992.
500 |aPublication du recensement historique numérisé par Statistique Canada.
590 |a13-04-Supp|b2013-02-13
69107|aCirconscription électorale|2gcpds
69107|aRecensement|2gcpds
7102 |aStatistique Canada.
791 |tProfile of census metropolitan areas and census agglomerations - part A |eeng|w(CaOODSP)9.676111
85640|ahttp://publications.gc.ca|qPDF|s7.9 Mo|uhttps://publications.gc.ca/collections/collection_2013/statcan/rh-hc/CS93-337-1992.pdf